Sustainable development in "the light and shadow" of globalization

Riešenie dlhodobo udržateľného rozvoja na Zemi na celosvetovej úrovni, aj v rámci EÚ. Trvalo udržateľný rozvoj môže byť dosiahnutý nahradením neobnoviteľných zdrojov energie. Je potrebné minimalizovať emisie škodlivín a eliminovať nemineralizovateľný odpad. Poukázanie na tri konkrétne príklady z Čes...

Ausführliche Beschreibung

Gespeichert in:
Bibliographische Detailangaben
1. Verfasser: Regnerová, Marta
Weitere Verfasser: Regnerová, Oľga
Format: Buchkapitel
Sprache:Englisch
Schlagworte:
Tags: Tag hinzufügen
Keine Tags, Fügen Sie das erste Tag hinzu!

MARC

LEADER 00000nla a2200000 4500
001 0238821
005 20240417075130.6
041 0 |a eng 
044 |a SK 
245 1 0 |a Sustainable development in "the light and shadow" of globalization  |c Marta Regnerová, Oľga Regnerová 
520 |a Riešenie dlhodobo udržateľného rozvoja na Zemi na celosvetovej úrovni, aj v rámci EÚ. Trvalo udržateľný rozvoj môže byť dosiahnutý nahradením neobnoviteľných zdrojov energie. Je potrebné minimalizovať emisie škodlivín a eliminovať nemineralizovateľný odpad. Poukázanie na tri konkrétne príklady z Českej republiky využitia a spracovania odpadu v praxi a obmedzenia rastu jeho produkcie. 
610 2 0 |a prostredie životné 
610 2 0 |a environmentalistika 
610 2 0 |a zdroje energie obnoviteľné 
610 2 0 |a odpad 
610 2 0 |a emisie 
610 2 0 |a globalizácia 
610 2 0 |a Európska únia 
610 2 0 |a Česko 
100 1 |a Regnerová, Marta 
700 1 |a Regnerová, Oľga